[Event "Wuerttemberg-ch"]
[Site "Zell"]
[Date "1991.??.??"]
[Round "9"]
[White "Kindl, Peter"]
[Black "Krockenberger, Martin"]
[Result "1-0"]
[WhiteElo "2315"]
[BlackElo "2315"]

1.Nf3 Nf6 2.c4 g6 3.Nc3 Bg7 4.e4 d6 5.d4 O-O 6.Be2 e5 7.O-O Na6 8.Re1 Qe8
9.d5 Nc5 10.Nd2 a5 11.Qc2 Kh8 12.Nb3 b6 13.Nxc5 bxc5 14.Bd2 Bd7 15.Nb5 Qb8
16.a4 Ng8 17.Qc1 c6 18.dxc6 Bxc6 19.Bd3 Qd8 20.Ra3 Bb7 21.Bc2 Qe7 22.Rd3 Ra6
23.Qd1 f5 24.exf5 gxf5 25.Bc3 Rf6 26.Bxe5 dxe5 27.Rd7 Bf3 28.gxf3 Rg6+ 29.Kh1 Qh4
30.Bxf5 Rg5 31.Rd6 Rxf5 32.Rxa6 Rh5 33.Kg1 Qh3 34.Re4 Rg5+ 35.Rg4 Rxg4+ 36.fxg4 e4
37.Nd6 Bd4 38.Nxe4 Nh6 39.Ng5 Bxf2+ 40.Kh1 Qe3 41.Rxh6 Qxg5 42.Rd6 Bh4 43.Qe2 Qf4
44.Qe8+ Kg7 45.Rd7+ Kh6 46.Qh5+  1-0

[Event "Zug"]
[Site "Zug"]
[Date "1991.??.??"]
[Round "9"]
[White "Csiszar, Csaba"]
[Black "Gallagher, Joseph G"]
[Result "1/2-1/2"]
[WhiteElo "2270"]
[BlackElo "2520"]

1.d4 Nf6 2.c4 g6 3.Nc3 Bg7 4.e4 d6 5.Be2 O-O 6.Nf3 e5 7.O-O Na6 8.Be3 Ng4
9.Bg5 Qe8 10.h3 h6 11.Bc1 Nf6 12.d5 Nc5 13.Qc2 a5 14.Be3 Nh5 15.Rfe1 Nf4
16.Bf1 g5 17.Nd2 b6 18.b3 f5 19.Bxc5 bxc5 20.exf5 Bxf5 21.Nde4 Qe7 22.Qd2 Rf7
23.Rab1 Kh8 24.a3 Rg8 25.g4 Bc8 26.f3 Ng6 27.Bg2 Nh4 28.Rf1 Rgf8 29.Qe3 Rf4
30.Ne2 h5 31.Rf2 Bd7 32.N2g3 hxg4 33.hxg4 Be8 34.Nf1 Bh6 35.Nfd2 Bg6 36.Rbf1 Qd7
37.Qc3 Ra8 38.Re1 Bg7 39.Qe3 Qd8 40.Qc3 Bf6 41.Bf1 Bg7 42.Be2 Qd7 43.Nxg5 e4
44.Qe3 Bd4 45.Qxf4 e3 46.Nde4 exf2+ 47.Nxf2 Be5 48.Qe3 Bd4 49.Qf4 Be5 50.Qe3  1/2-1/2

[Event "Ajka op"]
[Site "Ajka"]
[Date "1992.??.??"]
[Round "1"]
[White "Csiszar, Csaba"]
[Black "Ryskin, Alexander"]
[Result "0-1"]
[WhiteElo "2235"]
[BlackElo "2445"]

1.d4 Nf6 2.Nf3 g6 3.c4 Bg7 4.Nc3 O-O 5.e4 d6 6.Be2 Na6 7.O-O e5 8.Be3 Ng4
9.Bg5 Qe8 10.d5 f5 11.Ne1 Bh6 12.Bxh6 Nxh6 13.exf5 Nxf5 14.Nc2 Nc5 15.b4 Na4
16.Nb5 Rf7 17.Qd2 a6 18.Nc3 Nxc3 19.Qxc3 Qe7 20.Bd3 Nh4 21.Be4 Bf5 22.Rae1 Raf8
23.Bxf5 Rxf5 24.Re3 Qf6 25.Qe1 Rf4 26.Qe2 Qf5 27.Rg3 Qe4 28.Qxe4 Rxe4 29.Rc3 Re2
30.a3 Rd2 31.Ne3 Nf5 32.Nxf5 Rxf5 33.f3 Rf4 34.g3 Rfd4 35.Rfc1 Kf7 36.R1c2 Rxc2
37.Rxc2 Rd3 38.a4 Rxf3 39.c5 Ke7 40.b5 axb5 41.Rb2 dxc5 42.Rxb5 b6 43.a5 Rf6
44.Kg2 Kd7 45.g4 g5 46.h4 gxh4 47.Kh3 Kc8  0-1

[Event "Ajka op"]
[Site "Ajka"]
[Date "1992.??.??"]
[Round "3"]
[White "Csiszar, Csaba"]
[Black "Loginov, Valery A"]
[Result "0-1"]
[WhiteElo "2235"]
[BlackElo "2540"]

1.d4 Nf6 2.c4 g6 3.Nc3 Bg7 4.e4 d6 5.Nf3 O-O 6.Be2 e5 7.Be3 Ng4 8.Bg5 f6
9.Bh4 Nc6 10.d5 Ne7 11.Nd2 Nh6 12.f3 c5 13.dxc6 bxc6 14.b4 Be6 15.Nb3 Kh8
16.Bf2 f5 17.O-O g5 18.b5 c5 19.Qd2 Nf7 20.Rfd1 f4 21.Na4 Qc8 22.Na5 Rb8
23.Rab1 g4 24.Nb3 Rg8 25.Qa5 Bf6 26.Kh1 g3 27.hxg3 fxg3 28.Be3 Qf8 29.Kg1 Bg5
30.Bxg5 Rxg5 31.Qd2 Qh6 32.Qe3 Ng6 33.f4 Nxf4 34.Bf3 Bxc4  0-1

[Event "Alicante op"]
[Site "Alicante"]
[Date "1992.??.??"]
[Round "9"]
[White "Eingorn, Vereslav S"]
[Black "Sorin, Ariel"]
[Result "1-0"]
[WhiteElo "2575"]
[BlackElo "2415"]

1.d4 Nf6 2.Nf3 g6 3.c4 Bg7 4.Nc3 d6 5.e4 O-O 6.Be2 e5 7.O-O Nbd7 8.Qc2 exd4
9.Nxd4 c6 10.Bg5 Re8 11.Rad1 h6 12.Bh4 Qb6 13.Nb3 Nc5 14.Nxc5 Qxc5 15.Bg3 Bf8
16.a3 a5 17.Na4 Qa7 18.Bf3 b5 19.cxb5 cxb5 20.Nc3 Rb8 21.Bxd6 Bxd6 22.Rxd6 Qe7
23.Rd4 Qe5 24.Qd2 Be6 25.Nd5 Bxd5 26.exd5 b4 27.axb4 Rxb4 28.Rxb4 axb4 29.Qxb4 Nxd5
30.Qb5 Nf4 31.Qxe5 Rxe5 32.Rb1 Ne6 33.Kf1 Kf8 34.Be2 Nd4 35.Bc4 Rc5 36.b3 Nc6
37.Rd1 Ke7 38.Ke2 f6 39.Rd5 Rxd5 40.Bxd5 Nb4 41.Bg8 Kd6 42.Ke3 Ke5 43.f4+ Kf5
44.Kf3 g5 45.Bh7+ Ke6 46.Kg4 Kf7 47.Be4 Na6 48.Kf5 Nb4 49.g3 Na6 50.Bd5+ Kg7
51.Bc4 Nb4 52.Ke6 gxf4 53.gxf4 Kg6 54.Be2 Kg7 55.Kd6 Kg6 56.Kc5 Na2 57.Bd3+ Kh5
58.b4 Kg4 59.f5 Kh3 60.b5 Nc3 61.b6 Na4+ 62.Kc6 Nxb6 63.Kxb6  1-0

[Event "Altensteig"]
[Site "Altensteig"]
[Date "1992.??.??"]
[Round "5"]
[White "Gabriel, Christian"]
[Black "Vogt, Lothar"]
[Result "1/2-1/2"]
[WhiteElo "2490"]
[BlackElo "2530"]

1.d4 d6 2.Nf3 g6 3.c4 Bg7 4.Nc3 Nf6 5.e4 O-O 6.Be2 e5 7.dxe5 dxe5 8.Qxd8 Rxd8
9.Bg5 Nbd7 10.O-O-O Rf8 11.Nd2 Nc5 12.Be3 Ne6 13.Nd5 c5 14.Ne7+ Kh8 15.Nb1 Nd4
16.Bd3 Ng4 17.Nc3  1/2-1/2

[Event "Simferopol/Alushta"]
[Site "Alushta"]
[Date "1992.??.??"]
[Round "?"]
[White "Lerner, Konstantin Z"]
[Black "Kuzmin, Gennadi P"]
[Result "1/2-1/2"]
[WhiteElo "2530"]
[BlackElo "2530"]

1.d4 Nf6 2.c4 g6 3.Nc3 Bg7 4.e4 d6 5.Be2 O-O 6.Nf3 e5 7.O-O exd4 8.Nxd4 Re8
9.f3 c6 10.Kh1 Nbd7 11.Bf4 Nh5 12.Bxd6 Qf6 13.Nc2 Nf4 14.Rf2 Nxe2 15.Rxe2 Ne5
16.Ne3 Be6 17.c5 b6 18.Ned5 cxd5 19.Bxe5 Qxe5 20.exd5 Qf5 21.dxe6 Rxe6 22.cxb6 axb6
23.Rxe6 Qxe6 24.Qd2 Qc4 25.a3 Bxc3  1/2-1/2

[Event "Wch U26"]
[Site "Antwerp"]
[Date "1992.??.??"]
[Round "2"]
[White "Janjgava, Lasha"]
[Black "Bruch, Ingo"]
[Result "1-0"]
[WhiteElo "2485"]
[BlackElo "2285"]

1.d4 Nf6 2.c4 g6 3.Nc3 Bg7 4.e4 O-O 5.Nf3 d6 6.Be2 e5 7.Be3 Ng4 8.Bg5 f6
9.Bh4 Nc6 10.d5 Ne7 11.Nd2 Nh6 12.f3 c5 13.dxc6 bxc6 14.b4 Be6 15.Nb3 Nf7
16.Bf2 Bh6 17.O-O f5 18.b5 c5 19.a4 Kh8 20.Qc2 Rg8 21.Rfd1 Qf8 22.Nd5 Nxd5
23.cxd5 Bd7 24.Na5 Bf4 25.Ra3 Ng5 26.Bf1 Nf7 27.Nc4 h5 28.b6 Qd8 29.Rb1 h4
30.bxa7 Rxa7 31.a5 Qg5 32.a6 Bg3 33.Rb7 Bxf2+ 34.Qxf2 Rxb7 35.axb7 Rb8 36.Ra8 Qd8
37.Qxh4+ Qxh4 38.Rxb8+ Kg7 39.Ra8 fxe4 40.b8=Q exf3 41.Qb2 fxg2 42.Qxg2 Qd4+
43.Kh1 Bf5 44.Ra7 Kf6 45.Rc7 g5 46.Rxf7+ Kxf7 47.Nxd6+ Kg6 48.Nxf5 Kxf5 49.Qf3+ Kg6
50.Bd3+ Kg7 51.Qe4 Kf6 52.Kg2 Qc3 53.Qg6+ Ke7 54.d6+  1-0

[Event "Wch U26"]
[Site "Antwerp"]
[Date "1992.??.??"]
[Round "8"]
[White "Janjgava, Lasha"]
[Black "Comas Fabrego, Luis"]
[Result "1/2-1/2"]
[WhiteElo "2485"]
[BlackElo "2430"]

1.d4 Nf6 2.c4 g6 3.Nc3 Bg7 4.e4 d6 5.Be2 O-O 6.Nf3 e5 7.Be3 Na6 8.O-O c6
9.d5 Ng4 10.Bg5 f6 11.Bd2 f5 12.exf5 gxf5 13.Bg5 Nf6 14.Nd2 Bd7 15.Kh1 Nc7
16.f4 e4 17.Qb3 c5 18.Rfe1 Rb8 19.a4 b6 20.Nf1 a6 21.Ne3 Qe8 22.Qc2 h6 23.Bh4 Kh8
24.Rf1 Qg6 25.Ncd1 Rb7 26.Ra2 b5 27.axb5 axb5 28.b3 bxc4 29.bxc4 Nce8 30.Ra8 Rg8
31.Be1 Nc7 32.Ra2 Rgb8 33.Bc3 Nce8 34.Nf2 Rb3 35.Nfd1 R3b7 36.Rb2 Rxb2 37.Nxb2 h5
38.g3 Ng4 39.Bxg4 hxg4 40.Ra1 Rb7 41.Nbd1 Bd4 42.Qd2 Qf6 43.Nc2 Bxc3 44.Qxc3 Qxc3
45.Nxc3 Nc7 46.Kg1 Kg7 47.Kf1 Bc8 48.Ke1 Rb3 49.Ra3 Rxa3 50.Nxa3 Kf6 51.Kd2 Bd7
52.Nc2 Ke7 53.Ne3 Kf6 54.Ncd1 Ne8 55.Kc3 Nc7 56.Kb3 Ke7 57.Nc3 Kd8 58.Na4 Na8
59.Nc3 Nc7 60.Na4 Na8 61.Nc3  1/2-1/2

[Event "ARG-ch"]
[Site "ARG"]
[Date "1992.??.??"]
[Round "?"]
[White "Franco Ocampo, Zenon"]
[Black "Amura, Claudia Noemi"]
[Result "1-0"]
[WhiteElo "2520"]
[BlackElo "2355"]

1.Nf3 Nf6 2.c4 g6 3.Nc3 Bg7 4.e4 d6 5.d4 O-O 6.Be2 e5 7.O-O Nbd7 8.Qc2 Re8
9.Rd1 c6 10.d5 c5 11.Bg5 h6 12.Bd2 Rf8 13.g3 Kh8 14.Nh4 Ng8 15.Bd3 Ndf6 16.Re1 Ne8
17.Rab1 Ne7 18.Bf1 h5 19.Qd1 Kh7 20.Bd3 Bh6 21.Bxh6 Kxh6 22.Qd2+ Kg7 23.f4 exf4
24.Qxf4 f6 25.Qe3 Nc7 26.Rf1 Bh3 27.Rf2 Qd7 28.a3 Rae8 29.Bc2 g5 30.Nf3 Qg4
31.e5 fxe5 32.Qxg5+ Qxg5 33.Nxg5 Rxf2 34.Kxf2 Rf8+ 35.Ke3 Bd7 36.Be4 Kh6
37.Nf3 b5 38.b4 Nf5+ 39.Bxf5 Bxf5 40.Rb2 cxb4 41.Rxb4 a5 42.Rb2 bxc4 43.Rb6 Rf6
44.Nxe5 Ne8 45.Nxc4 h4 46.gxh4 Kh5 47.Rb8 Bg6 48.Ne4  1-0

[Event "Mercantil op"]
[Site "Ateneo"]
[Date "1992.??.??"]
[Round "9"]
[White "Garcia Trobat, Francisco"]
[Black "Coret Frasquet, Jose"]
[Result "0-1"]
[WhiteElo "2305"]
[BlackElo "2290"]

1.d4 Nf6 2.Nf3 g6 3.c4 Bg7 4.Nc3 d6 5.e4 O-O 6.Be2 e5 7.O-O Na6 8.Bg5 Qe8
9.d5 h6 10.Bh4 g5 11.Bg3 Nh5 12.Nd2 Nf4 13.Bg4 Qe7 14.Bxc8 Raxc8 15.Re1 Nc5
16.Nf1 f5 17.exf5 Rxf5 18.b4 e4 19.Rc1 Bxc3 20.Rxc3 Qg7 21.Qd2 Nd7 22.Rxe4 Rcf8
23.Rce3 Ne5 24.h3 Qg6 25.Qd4 h5 26.f3 Nxh3+ 27.Kh2 Nf4 28.Be1 Nxg2 29.Kxg2 Nxf3
30.Rxf3 Rxf3 31.Nh2 R3f4 32.Rxf4 Rxf4 33.Qe3 Rxc4 34.Qxa7 Qe4+ 35.Kf1 Rc2  0-1

[Event "Akropolis"]
[Site "Athens"]
[Date "1992.??.??"]
[Round "4"]
[White "Vragoteris, Antonios"]
[Black "Moutousis, Konstantinos"]
[Result "0-1"]
[WhiteElo "2360"]
[BlackElo "2405"]

1.d4 Nf6 2.c4 g6 3.Nc3 Bg7 4.e4 d6 5.Nf3 O-O 6.Be2 e5 7.O-O Na6 8.Be3 Qe8
9.Re1 c6 10.Bf1 Ng4 11.Bc1 exd4 12.Nxd4 Nc5 13.f3 Qe5 14.fxg4 Qxd4+ 15.Be3 Qxd1
16.Raxd1 Be5 17.h3 a5 18.Kf2 a4 19.Bd4 Be6 20.Kf3 Ra6 21.Rd2 Kg7 22.Red1 Kf6
23.Nd5+ cxd5 24.cxd5 Bd7 25.g5+ Kxg5 26.Bxe5 dxe5 27.Bxa6 Nxa6 28.Rc1 Kf6
29.b4 axb3 30.axb3 Ke7 31.b4 Kd6 32.Ra2 f5 33.Ra5 fxe4+ 34.Ke3 Nxb4 35.Rb1  0-1

[Event "Akropolis op"]
[Site "Athens"]
[Date "1992.??.??"]
[Round "5"]
[White "Andrianov, Nikolai"]
[Black "Georgiev, Krum"]
[Result "1/2-1/2"]
[WhiteElo "2440"]
[BlackElo "2505"]

1.d4 Nf6 2.c4 d6 3.Nf3 g6 4.Nc3 Bg7 5.e4 O-O 6.Be2 e5 7.dxe5 dxe5 8.Qxd8 Rxd8
9.Bg5 Re8 10.Nd5 Nxd5 11.cxd5 c6 12.Bc4 cxd5 13.Bxd5 Na6 14.O-O Nc7 15.Bb3 Be6
16.Bxe6 Nxe6  1/2-1/2

[Event "Akropolis op"]
[Site "Athens"]
[Date "1992.??.??"]
[Round "9"]
[White "Trikaliotis, Georgios"]
[Black "Papastavropoulos, Andreas"]
[Result "1-0"]
[WhiteElo "2240"]
[BlackElo "2330"]

1.d4 Nf6 2.Nf3 g6 3.c4 Bg7 4.Nc3 d6 5.e4 O-O 6.Be2 e5 7.d5 a5 8.Bg5 h6 9.Bh4 Qd7
10.Nd2 Nh7 11.f3 f5 12.Bf2 Na6 13.b3 f4 14.a3 b6 15.Rb1 Nc5 16.Nb5 Qe7 17.b4 axb4
18.axb4 Nb7 19.Qc2 Bd7 20.Nb3 Bxb5 21.cxb5 g5 22.Rc1 Rf7 23.O-O Raf8 24.Ra1 g4
25.fxg4 f3 26.Bxf3 Ng5 27.Be2 h5 28.gxh5 Bh6 29.Bg4 Nd8 30.Bf5 Rg7 31.Kh1 Ndf7
32.Bh4 Nd8 33.Qe2 Qe8 34.Bg6 Rxf1+ 35.Rxf1 Qd7 36.Nd2 Nh7 37.Nf3 Nf7 38.Bf5 Qe8
39.g4 Bf4 40.Qc4 Nfg5 41.Nxg5 Bxg5 42.Bxg5 Nxg5 43.h4 Nh3 44.h6 Re7 45.h7+ Kh8
46.Qc3  1-0

[Event "AUT-chT"]
[Site "AUT"]
[Date "1992.??.??"]
[Round "?"]
[White "Herndl, Harald"]
[Black "Kostic, Nebojsa"]
[Result "0-1"]
[WhiteElo "2275"]
[BlackElo "2390"]

1.d4 Nf6 2.c4 g6 3.Nc3 Bg7 4.e4 d6 5.Nf3 O-O 6.Be2 e5 7.O-O Nbd7 8.d5 a5
9.Qc2 Nh5 10.g3 Nc5 11.Be3 Qe8 12.Nd2 Bh3 13.Rfe1 Nf6 14.f3 h5 15.b3 Nh7
16.a3 f5 17.b4 f4 18.Bf2 Na6 19.c5 Qe7 20.c6 b6 21.bxa5 bxa5 22.Rab1 Bh6
23.Rb7 Nc5 24.Bxc5 dxc5 25.Bf1 Bxf1 26.Rxf1 fxg3 27.hxg3 h4 28.Nc4 hxg3 29.Kg2 Ng5
30.Qd3 Rf7 31.Nb5 Nh3 32.Kxh3 Rf4 33.Kg2 Rh4 34.Rg1 Rh2+ 35.Kf1 Qh4 36.Ke1 Rf2
37.Nc3 g2 38.Kd1 Qh1  0-1

[Event "AUT-chT"]
[Site "AUT"]
[Date "1992.??.??"]
[Round "?"]
[White "Wach, Markus"]
[Black "Sinowjew, Juri"]
[Result "1/2-1/2"]
[WhiteElo "2320"]
[BlackElo "2310"]

1.d4 Nf6 2.c4 g6 3.Nc3 Bg7 4.e4 d6 5.Nf3 O-O 6.Be2 e5 7.d5 a5 8.Bg5 h6 9.Bh4 Na6
10.Nd2 Qe8 11.O-O Bd7 12.b3 Nh7 13.Rb1 h5 14.f3 Bh6 15.a3 Be3+ 16.Kh1 Bc5
17.Qc1 f5 18.exf5 gxf5 19.f4 Nf6  1/2-1/2

[Event "AUT-chT"]
[Site "AUT"]
[Date "1992.??.??"]
[Round "?"]
[White "Danner, Georg"]
[Black "Watzka, Horst"]
[Result "1-0"]
[WhiteElo "2355"]
[BlackElo "2325"]

1.d4 Nf6 2.c4 g6 3.Nc3 Bg7 4.e4 d6 5.Nf3 O-O 6.Be2 e5 7.d5 a5 8.Bg5 h6 9.Bh4 Na6
10.Nd2 Qe8 11.a3 Bd7 12.b3 Nh7 13.Rb1 h5 14.f3 Bh6 15.Bf2 Qe7 16.b4 axb4
17.axb4 h4 18.c5 dxc5 19.bxc5 Nxc5 20.Nc4 Na4 21.d6 Qg5 22.Nd5 c6 23.Ne7+ Kh8
24.Nxe5 Be6 25.O-O h3 26.g3 Qxe5 27.Bd4 Be3+ 28.Bxe3 Nc3 29.Qd3 Rfd8 30.Rfd1 c5
31.f4 Qg7 32.Bxc5 Ra2 33.Bf3 Nxd1 34.Qxd1 f6 35.e5 fxe5 36.fxe5 Ng5 37.Bxb7 Kh7
38.Rb4 Qxe5 39.Rh4+ Kg7 40.Bd4 Nf7 41.Bxe5+ Nxe5 42.Qb1 Rxd6 43.Qe1 Nd7 44.Nd5 Kg8
45.Rf4 Rg2+ 46.Kh1 Rb2 47.Rd4 Kh7 48.Nf6+ Nxf6 49.Rxd6  1-0

[Event "Bayern-chA"]
[Site "Bad Neustadt"]
[Date "1992.??.??"]
[Round "3"]
[White "Wimmer, Herbert"]
[Black "Doeres, Hans Juergen"]
[Result "1/2-1/2"]
[WhiteElo "2260"]
[BlackElo "2250"]

1.d4 Nf6 2.Nf3 g6 3.c4 Bg7 4.Nc3 O-O 5.e4 d6 6.Be2 e5 7.dxe5 dxe5 8.Qxd8 Rxd8
9.Bg5 Re8 10.O-O-O Na6 11.Nxe5 Rxe5 12.Rd8+ Ne8 13.f4 Re6 14.f5 gxf5 15.exf5 Re5
16.f6 Bf8 17.Nd5 Bd7 18.Rxa8 Rxg5 19.Ne7+ Bxe7 20.fxe7 Re5 21.Bf3 Rxe7 22.Rd1 Kf8
23.Bxb7  1/2-1/2

[Event "Bad Woerishofen op"]
[Site "Bad Woerishofen"]
[Date "1992.??.??"]
[Round "3"]
[White "Chuchelov, Vladimir"]
[Black "Hornung, Hans"]
[Result "1-0"]
[WhiteElo "2490"]
[BlackElo "2320"]

1.d4 g6 2.Nf3 Bg7 3.c4 Nf6 4.Nc3 d6 5.e4 O-O 6.Be2 e5 7.O-O Na6 8.Be3 c6
9.d5 Ng4 10.Bg5 f6 11.Bh4 Nh6 12.Nd2 Kh8 13.Rb1 c5 14.a3 Nc7 15.b4 b6 16.bxc5 bxc5
17.Rb2 Rf7 18.Qa4 Ne8 19.Rfb1 Bd7 20.Qa6 Bc8 21.Qc6 Bd7 22.Qxa8 Qxa8 23.Rb8 Qxb8
24.Rxb8  1-0

[Event "BUL-chT"]
[Site "Bankia"]
[Date "1992.??.??"]
[Round "5"]
[White "Georgiev, Vladimir"]
[Black "Dimitrov, Atanas"]
[Result "1-0"]
[WhiteElo "2300"]
[BlackElo "2275"]

1.d4 Nf6 2.Nf3 g6 3.c4 Bg7 4.Nc3 O-O 5.e4 d6 6.Be2 e5 7.d5 a5 8.Bg5 h6 9.Bh4 g5
10.Bg3 Nh5 11.Nd2 Nf4 12.O-O f5 13.exf5 Bxf5 14.Nde4 Na6 15.f3 Qe8 16.Bf2 Qg6
17.Be3 g4 18.g3 Nxe2+ 19.Qxe2 gxf3 20.Qxf3 Bh3 21.Qe2 Rxf1+ 22.Rxf1 Bxf1
23.Kxf1 Rf8+ 24.Kg2 Nb4 25.b3 c6 26.a3 cxd5 27.cxd5 Nxd5 28.Qc4 Kh8 29.Qxd5 Qf5
30.Nd2 h5 31.Nce4 h4 32.gxh4 Qg4+ 33.Ng3 Qxh4 34.Qxd6 a4 35.bxa4 Qxa4 36.Qb4 Qc6+
37.Qe4 Qxe4+ 38.Ngxe4 Ra8 39.Bc5 Bf8 40.Nd6 b6 41.Bb4 Kg7 42.N2c4 b5 43.Nxe5 Kf6
44.Nd7+ Ke6 45.Nxf8+ Rxf8 46.Nxb5 Rg8+ 47.Kf3 Rh8 48.Bd6 Rh5 49.a4 Rh4 50.Bf4 Kf5
51.Nd4+ Kf6 52.Ke4 Rh5 53.Bc7 Rc5 54.Bd8+ Kf7 55.a5 Ke8 56.Bb6 Rh5 57.Nf3 Kd7
58.h4 Ke6 59.a6 Rh8 60.a7 Re8 61.Bd4 Ra8 62.h5 Kf7  1-0

[Event "Bankia tt"]
[Site "Bankia"]
[Date "1992.??.??"]
[Round "6"]
[White "Semkov, Semko"]
[Black "Radulov, Ivan"]
[Result "1/2-1/2"]
[WhiteElo "2480"]
[BlackElo "2400"]

1.d4 d6 2.e4 e5 3.Nf3 Nd7 4.c4 g6 5.Nc3 Bg7 6.Be2 Ngf6 7.O-O O-O 8.Be3 c6
9.d5 c5 10.Ne1 Ne8 11.Nd3 f5 12.f4 fxe4 13.Nxe4 Qe7 14.fxe5 Nxe5 15.Bg5 Nf6
16.Ndf2  1/2-1/2

[Event "Barcelona"]
[Site "Barcelona"]
[Date "1992.??.??"]
[Round "?"]
[White "Dorfman, Josif D"]
[Black "Magem Badals, Jorge"]
[Result "1/2-1/2"]
[WhiteElo "2605"]
[BlackElo "2515"]

1.c4 Nf6 2.d4 g6 3.Nc3 Bg7 4.e4 d6 5.Nf3 O-O 6.Be2 e5 7.O-O Na6 8.Re1 c6
9.Rb1 exd4 10.Nxd4 Re8 11.f3 Nh5 12.Be3 f5 13.Bf2 f4 14.b4 Bd7 15.Qd2 Be5
16.Rec1 Qf6 17.a3 Nc7 18.Nb3 Ne6 19.b5 c5 20.Nd5 Qg7 21.b6 a6 22.Na5  1/2-1/2

[Event "Barcelona UGA"]
[Site "Barcelona"]
[Date "1992.??.??"]
[Round "9"]
[White "Pogorelov, Ruslan"]
[Black "Pares Vives, Jose"]
[Result "0-1"]
[WhiteElo "2385"]
[BlackElo "2345"]

1.Nf3 Nf6 2.c4 g6 3.Nc3 Bg7 4.e4 d6 5.d4 O-O 6.Be2 Nbd7 7.O-O e5 8.Re1 c6
9.Bf1 a6 10.Rb1 b5 11.dxe5 Nxe5 12.Nxe5 dxe5 13.Qc2 Be6 14.Be3 Nd7 15.b4 f5
16.f3 Nb6 17.Rbd1 Qc7 18.Bxb6 Qxb6+ 19.c5 Qc7 20.Rd6 Rfe8 21.exf5 gxf5 22.Bd3 e4
23.fxe4 Bf7 24.Rf1 Be5 25.exf5 Bxd6 26.cxd6 Qxd6 27.f6 h6 28.Ne4 Qd4+ 29.Kh1 Rad8
30.Qe2 Re5 31.Bb1 Kf8 32.Qf3 Qc4 33.Qf4 Rg5 34.h4 Rg6 35.Rc1 Qe2 36.Ng3 Qg4
37.Qxg4 Rxg4 38.Nf5 Rxb4 39.Ne7 Rd6 40.g3 Rxf6 41.Nc8 Bd5+  0-1

[Event "Beersheba-B"]
[Site "Beersheba"]
[Date "1992.??.??"]
[Round "3"]
[White "Srokowski, Jaroslav"]
[Black "Lederer, Yoav"]
[Result "0-1"]
[WhiteElo "2410"]
[BlackElo "2245"]

1.d4 Nf6 2.c4 g6 3.Nc3 Bg7 4.e4 d6 5.Nf3 O-O 6.Be2 e5 7.d5 a5 8.Bg5 h6 9.Bh4 Na6
10.Nd2 Qe8 11.O-O Nh7 12.a3 h5 13.f3 Bd7 14.Nb5 Bh6 15.Kh1 Be3 16.Rb1 f5
17.exf5 Bxf5 18.Ne4 g5 19.Be1 Qg6 20.Bxa5 Bxe4 21.fxe4 Rxf1+ 22.Bxf1 Nf6
23.Be1 Nc5 24.Nxc7 Ng4 25.Nxa8 Nxe4 26.Qf3 Nef2+ 27.Bxf2 Nxf2+ 28.Kg1 Ng4+
29.Kh1 Qxb1 30.g3 Qxb2 31.Qe2 Qxa3 32.h3 Nf6 33.Qf3 Kf7 34.Nc7 Bc5 35.Qxa3 Bxa3
36.Kg2 g4 37.hxg4 hxg4 38.Ne6 b5 39.cxb5 Nxd5 40.Ng5+ Ke7 41.Ne4 Ne3+ 42.Kf2 Nxf1
43.b6 Kd7 44.Kxf1 Kc6 45.Nf6 Kxb6 46.Nxg4 Kc5 47.Ke2 Kd4 48.Nf6 e4 49.g4 Ke5
50.Nh5 Bc1 51.Ng3 Kf4 52.Nf5 d5 53.Kd1 Ba3 54.Nd4 Kxg4 55.Nb5 Bb2 56.Nc7 d4
57.Kc2 e3 58.Ne6 e2 59.Kd2 d3  0-1

[Event "BEL-ch"]
[Site "BEL"]
[Date "1992.??.??"]
[Round "2"]
[White "Mohandesi, Shahin"]
[Black "Vandevoort, Pascal"]
[Result "0-1"]
[WhiteElo "2210"]
[BlackElo "2280"]

1.d4 Nf6 2.Nf3 g6 3.c4 Bg7 4.Nc3 O-O 5.e4 d6 6.Be2 e5 7.Be3 c6 8.d5 Ng4 9.Bg5 f6
10.Bh4 Na6 11.O-O h5 12.Ne1 Nh6 13.Bg3 f5 14.exf5 Nxf5 15.h3 Nxg3 16.fxg3 Bf5
17.Qd2 Qb6+ 18.Kh1 e4 19.Nd1 Rae8 20.Qe3 Bd4 21.Qb3 Qd8 22.c5 Nxc5 23.Qc4 Be5
24.dxc6+ Kg7 25.Qc1 bxc6 26.Ne3 Be6 27.Rxf8 Rxf8 28.Nf1 Qf6 29.Qd2 Qxf1+
30.Bxf1 Rxf1+ 31.Kh2 h4  0-1

[Event "Belgrade IKO"]
[Site "Belgrade"]
[Date "1992.??.??"]
[Round "2"]
[White "Ostojic, Nikola"]
[Black "Iashvili, Akaki"]
[Result "1/2-1/2"]
[WhiteElo "2460"]
[BlackElo "2455"]

1.d4 Nf6 2.c4 g6 3.Nc3 Bg7 4.e4 d6 5.Be2 O-O 6.Nf3 e5 7.dxe5 dxe5 8.Qxd8 Rxd8
9.Bg5 c6 10.Nxe5 Re8 11.O-O-O Na6 12.Rd6 Nxe4 13.Nxe4 Bxe5 14.Nf6+ Bxf6 15.Bxf6 Nc5
16.Bf3 Bf5 17.Rhd1 Re6 18.Rd8+ Re8 19.Rxa8 Rxa8 20.g4 Be6 21.b3 Nd7 22.Bd4 f6
23.h3 Kf7 24.Be2 a6 25.f4 b5 26.Bb2 Rc8 27.Kb1 Nc5 28.cxb5 axb5 29.Bf3 Nd7
30.Rd6 c5 31.a4 Ke7 32.Ra6 b4 33.Bd1 f5 34.g5 c4 35.bxc4 Bxc4 36.Bf6+ Kf7
37.Rd6 Nc5 38.Bd4 b3 39.Bxc5 Rxc5 40.Kb2 Rc7 41.Rd4 Be6 42.Rb4 h6 43.gxh6 Kg8
44.Rb6 Bf7 45.a5 Kh7 46.a6 Bd5 47.Bxb3 Be4 48.Rd6 Kxh6 49.Bd1 Bg2 50.h4 Kg7
51.Bb3 Kh6 52.Bd1 Kg7 53.Kb3 Re7 54.Bc2 Re3+ 55.Rd3 Re7 56.Kb4 Re4+ 57.Ka5 Rxf4
58.Rg3 Rg4 59.Rc3 Rxh4 60.a7 Rh8  1/2-1/2

[Event "Belgrade"]
[Site "Belgrade"]
[Date "1992.??.??"]
[Round "2"]
[White "Matveeva, Svetlana"]
[Black "Arakhamia, Ketevan"]
[Result "1-0"]
[WhiteElo "2425"]
[BlackElo "2445"]

1.d4 Nf6 2.c4 g6 3.Nc3 Bg7 4.e4 d6 5.Nf3 O-O 6.Be2 e5 7.Be3 Ng4 8.Bg5 f6
9.Bh4 g5 10.Bg3 Nh6 11.dxe5 fxe5 12.h4 g4 13.Nh2 Be6 14.Nd5 Nc6 15.Nxg4 Nd4
16.Nge3 c6 17.Nc3 Qb6 18.Rb1 a5 19.O-O Bf6 20.Bd3 Qd8 21.Qh5 Kg7 22.Nf5+ Bxf5
23.exf5 Be7 24.c5 Ndxf5 25.cxd6 Qxd6 26.Bxf5 Nxf5 27.Qg4+ Kh8 28.Rbd1 Qc7
29.Ne4 Rad8 30.Rxd8 Bxd8 31.Rd1 Qg7 32.Qxg7+ Kxg7 33.Bxe5+ Kg6 34.g3 Re8
35.f4 Bb6+ 36.Kh1 h5 37.Rd7 Bd4 38.Nd6 Nxg3+ 39.Kg2 Rxe5 40.fxe5 Bxe5 41.Nc4 Bf4
42.Kf3  1-0

[Event "Belgrade"]
[Site "Belgrade"]
[Date "1992.??.??"]
[Round "5"]
[White "Maksimovic, Suzana"]
[Black "Ioseliani, Nana"]
[Result "0-1"]
[WhiteElo "2285"]
[BlackElo "2445"]

1.d4 Nf6 2.c4 d6 3.Nc3 Nbd7 4.e4 e5 5.Nf3 g6 6.Be2 Bg7 7.O-O O-O 8.Qc2 c6
9.Rd1 Re8 10.Rb1 exd4 11.Nxd4 Qe7 12.f3 Nc5 13.Bg5 Bd7 14.Qd2 Rad8 15.b4 Ne6
16.Nxe6 Bxe6 17.Qf4 Nh5 18.Qh4 f6 19.Bd2 Bf7 20.Be3 b6 21.b5 g5 22.Qf2 f5
23.Bd4 fxe4 24.Nxe4 d5 25.Bxg7 Nxg7 26.cxd5 cxd5 27.Ng3 Ne6 28.Bd3 Qf6 29.Rbc1 Nc5
30.Bf5 d4 31.Re1 h5 32.Bb1 d3 33.Rxe8+ Bxe8 34.Rd1 h4 35.Ne4 Nxe4 36.fxe4 Qxf2+
37.Kxf2 Bxb5 38.Ke3 Kf7 39.Bxd3 Bxd3 40.Rxd3 Rxd3+ 41.Kxd3 Ke6 42.Kd4 g4
43.e5 g3 44.hxg3 hxg3 45.Ke4 b5 46.Kd4 b4 47.Ke4 a6 48.Kd4 a5 49.Kc5 Kxe5
50.Kb5 Kd4 51.Kxa5 Kc3  0-1

[Event "Belgrade"]
[Site "Belgrade"]
[Date "1992.??.??"]
[Round "6"]
[White "Ioseliani, Nana"]
[Black "Matveeva, Svetlana"]
[Result "0-1"]
[WhiteElo "2445"]
[BlackElo "2425"]

1.d4 Nf6 2.c4 g6 3.Nc3 Bg7 4.e4 d6 5.Be2 O-O 6.Nf3 e5 7.O-O exd4 8.Nxd4 Re8
9.f3 c6 10.Kh1 Nbd7 11.Bg5 h6 12.Be3 d5 13.cxd5 Nxd5 14.Nxd5 cxd5 15.Nb5 Nb6
16.Rc1 Be5 17.f4 Bxb2 18.Rc2 Rxe4 19.Bxb6 Qxb6 20.Rxb2 a6 21.Qxd5 Bf5 22.Bc4 Re6
23.Qd2 Rd8 24.Qc1 axb5 25.Bxe6 Bxe6 26.Rd1 Ra8 27.Qc3 Qc6 28.Qe5 Bg4 29.Re1 Bd7
30.Qd4 Ra4 31.Qe3 Ra8 32.Rc1 Re8 33.Qxe8+ Bxe8 34.Rxc6 bxc6 35.Kg1 Kf8 36.Kf2 Bd7
37.Re2 Be6 38.Kf3 h5 39.h3 Bc4 40.Rc2 Ke7 41.g4 hxg4+ 42.Kxg4 Be6+ 43.Kg5 Kd6
44.h4 c5 45.Rd2+ Bd5 46.Kf6 c4 47.a3 Kc5 48.Ke5 Be6 49.Rc2 Bf5 50.Rc1 Bd3
51.Rd1 f6+ 52.Kxf6 Kd4 53.f5 gxf5 54.Kg5 Ke3 55.Re1+ Kd2 56.Rg1 f4 57.Kxf4 c3
58.Rg2+ Be2 59.Ke5 c2 60.Rg1 Bd1 61.Rg2+  0-1

[Event "Belgrade"]
[Site "Belgrade"]
[Date "1992.??.??"]
[Round "9"]
[White "Matveeva, Svetlana"]
[Black "Cramling, Pia"]
[Result "1-0"]
[WhiteElo "2425"]
[BlackElo "2530"]

1.d4 Nf6 2.c4 g6 3.Nc3 Bg7 4.e4 d6 5.Nf3 O-O 6.Be2 e5 7.Be3 Na6 8.O-O Ng4
9.Bg5 Qe8 10.h3 h6 11.Bc1 exd4 12.Nxd4 Nf6 13.Bf3 Nh7 14.h4 Qe5 15.Be3 f5
16.exf5 gxf5 17.Bd5+ Kh8 18.Nf3 Qe8 19.Re1 Qg6 20.Ne2 c6 21.Nf4 Qg4 22.Nh2  1-0

[Event "Belgrade IKO"]
[Site "Belgrade"]
[Date "1992.??.??"]
[Round "9"]
[White "Tosic, Miroslav"]
[Black "Damljanovic, Branko"]
[Result "0-1"]
[WhiteElo "2435"]
[BlackElo "2595"]

1.d4 Nf6 2.c4 g6 3.Nc3 Bg7 4.e4 d6 5.Nf3 O-O 6.Be2 c6 7.O-O e5 8.Re1 Nbd7
9.Bf1 a5 10.Rb1 Re8 11.d5 Nc5 12.g3 Qc7 13.Nh4 Bd7 14.b3 Reb8 15.a4 Rf8 16.h3 Rad8
17.Bd2 Bc8 18.Kh2 Nfd7 19.Qc2 Na6 20.Rbc1 Ndc5 21.Na2 Rde8 22.Bc3 f5 23.exf5 g5
24.Ng2 Bxf5 25.Qb2 Qb6 26.Re3 Qxb3 27.Qxb3 Nxb3 28.Rce1 Nac5 29.f4 gxf4 30.gxf4 Nxa4
31.Bxe5 dxe5 32.Rxb3 Nc5 33.Rbe3 e4 34.Nc3 Bd4 35.Rg3+ Kh8 36.Nd1 a4 37.Nde3 Bd7
38.Rd1 Bf6 39.Nc2 Rg8 40.Re3 Ra8 41.Be2 Bb2 42.Bg4 Bxg4 43.hxg4 Rxg4 44.d6 Rag8
45.Re2 a3 46.Nce3 R4g6 47.Nh4 Rh6 48.Nf5 Rh5 49.d7 Bf6 50.Kh3 a2 51.Rxa2 Ne6
52.Rf1 Nd4  0-1